000 00465nam a22001817a 4500
005 20200518123603.0
008 200518b xxu||||| |||| 00| 0 eng d
020 _a9788193697207
041 _aeng
082 _a615 ROS
100 _aRostogi Smmer
_95515
245 _aPharmaceutical Jurisprudence and Intellectual Property Right
250 _a1'st
260 _aDelhi
_bBirla Publication
_c2018
300 _a100, vii
650 _aPharmacy
_95516
942 _cBK
999 _c6276
_d6274